Score 0/192 Timer 20:00
0 Plays Today
# Words % Correct
1-35the, be, and,…
96.6%
36-70their, can, who,…
90.3%
106-140her, even, back,…
90.3%
176-210American, show, part,…
87.5%
71-105could, now, than,…
87.3%
141-175high, really, something,…
86.8%
891-920main, science, green,…
84.3%
281-315ever, stand, bad,…
84%
211-245Mr, point, believe,…
83.8%
246-280though, business, issue,…
83.4%
3631-3655consistently, basement, project,…
83.4%
681-710past, goal, second,…
83.1%
381-410foot, second, boy,…
82.2%
316-350nothing, ago, right,…
80.9%
831-860crime, stage, ok,…
80.7%
1106-1130option, participant, southern,…
80%
351-385history, party, within,…
79.8%
561-590cover, quite, picture,…
79.4%
531-560center, couple, site,…
79.1%
741-770career, despite, central,…
78.9%
471-500finally, pull, return,…
78.9%
411-440fall, oh, nation,…
78.7%
591-620type, attention, draw,…
78.7%
441-470else, pass, former,…
78%
711-740share, than, common,…
77.8%
4831-4855homework, disc, sofa,…
76.7%
2081-2105technical, plus, mind,…
76.2%
651-680thousand, risk, current,…
76.2%
921-950theory, impact, respond,…
76.2%
3031-3055consume, scheme, crack,…
76.1%
621-650realize, hundred, available,…
75.9%
1781-1805chief, brown, standard,…
75.1%
1331-1355mostly, lesson, faith,…
73.9%
1231-1255driver, attempt, park,…
73.4%
1006-1030soldier, reflect, heavy,…
73.1%
2031-2055grass, unfortunately, hat,…
73%
951-980particular, camera, structure,…
73%
1506-1530will, actor, birth,…
72.6%
801-830deal, election, everybody,…
72.6%
1456-1480wine, below, cool,…
72.6%
861-890public, various, rather,…
72.5%
4531-4555fierce, envision, rational,…
71.9%
501-530international, building, action,…
71.9%
1656-1680novel, code, somehow,…
71.8%
2256-2280grand, mine, hello,…
71.7%
2331-2355involvement, dominate, previously,…
71.3%
2956-2980honey, correspondent, pale,…
71.2%
1181-1205researcher, press, conflict,…
71.1%
1906-1930now, clear, struggle,…
70.8%
1531-1555damage, plastic, tall,…
70.4%
1681-1705analyst, dance, limit,…
69.3%
2656-2680personally, wonder, clock,…
69.2%
1806-1830influence, surgery, correct,…
69.1%
2181-2205self, bike, tea,…
69%
1056-1080consumer, shot, budget,…
68.9%
981-1005individual, specific, writer,…
68.9%
1556-1580domestic, lots, literature,…
68.3%
1256-1280communication, run, screen,…
67.8%
2681-2705lawsuit, bottom, testimony,…
67.7%
1206-1230generally, African, very,…
67.6%
771-800identify, left, meeting,…
67.5%
2056-2080convince, height, physician,…
67.3%
2206-2230tension, display, leading,…
67.2%
1706-1730propose, thinking, possibly,…
67.1%
# Words % Correct
1081-1105figure, vote, western,…
66.8%
3356-3380pregnancy, swear, defeat,…
66.2%
1581-1605expand, importance, metal,…
66%
1881-1905attract, confidence, bedroom,…
66%
2131-2155bread, creation, graduate,…
65.9%
1131-1155concerned, recall, version,…
65.4%
1431-1455view, grade, context,…
65.3%
4706-4730allegedly, compromise, strain,…
64.8%
1606-1630greatest, complex, surround,…
64.8%
2706-2730advance, resort, destruction,…
64.8%
1756-1780launch, dress, file,…
64.8%
1381-1405soft, ignore, egg,…
64.5%
3706-3730grateful, grace, virtual,…
63.9%
1281-1305willing, strength, previous,…
63.9%
1981-2005household, fewer, abortion,…
63.7%
1856-1880ocean, score, row,…
63.7%
1406-1430move, afraid, quarter,…
63.4%
3281-3305artistic, discourse, basket,…
63.3%
1031-1055address, cancer, test,…
63.2%
2406-2430luck, so-called, constant,…
63.2%
1931-1955volume, travel, seed,…
63%
1831-1855manner, ancient, silence,…
62.9%
2356-2380entry, fat, spending,…
62.6%
1156-1180object, attitude, labor,…
62.3%
3606-3630rip, herb, overwhelming,…
61.8%
2456-2480implication, perfectly, coast,…
61.3%
2556-2580pace, employment, speaker,…
61.2%
1306-1330average, emerge, advantage,…
61.2%
4081-4105verbal, tribal, ridiculous,…
61%
2156-2180expense, initiative, diet,…
61%
3506-3530interior, corridor, murder,…
60.9%
3931-3955purple, laser, bold,…
60.9%
2856-2880thirty, justify, protest,…
60.8%
1481-1505medicine, tour, depend,…
60.8%
2631-2655graduate, barrier, minor,…
60.8%
2481-2505publication, pretty, crop,…
60%
2731-2755remarkable, occupy, statistics,…
59.6%
2906-2930net, characterize, funeral,…
59.1%
1731-1755Japanese, chest, search,…
58.7%
1356-1380fit, claim, cry,…
58.7%
3006-3030athletic, slight, math,…
58.2%
4306-4330earthquake, pork, creativity,…
57.8%
3181-3205edition, valley, yours,…
57.4%
3331-3355high, blanket, margin,…
57.3%
3206-3230sense, lemon, hungry,…
57.2%
3156-3180laboratory, workshop, differently,…
56.8%
3381-3405cool, gallery, soccer,…
56.7%
4656-4680cling, isolated, blink,…
56.6%
4256-4280ideological, runner, secular,…
56.3%
1956-1980divide, initial, terrible,…
56.3%
2756-2780terror, though, expansion,…
56.3%
4381-4405diary, sibling, irony,…
56%
2506-2530date, occasionally, mayor,…
55.8%
4281-4305teammate, aluminum, whoever,…
55.7%
3306-3330pet, miracle, exceed,…
55.6%
3456-3480excited, sculpture, compound,…
55.6%
2006-2030bomb, enormous, tone,…
55.3%
4456-4480quote, trash, disabled,…
55.1%
2381-2405usual, anger, psychological,…
54.6%
4056-4080hardware, pillow, kit,…
54.6%
3881-3905promising, conscious, determination,…
54.5%
2231-2255formal, transition, existence,…
54.2%
3081-3105impress, heel, resemble,…
54%
4856-4880overwhelm, one-third, contemplate,…
53.7%
# Words % Correct
4731-4755palace, formerly, peasant,…
52.9%
3956-3980pizza, recipient, hesitate,…
52.7%
4181-4205accent, hay, optimistic,…
52.5%
4156-4180faint, post, queen,…
52.5%
1631-1655temperature, surprise, poll,…
51.9%
3431-3455tight, receiver, ritual,…
51.8%
4131-4155grief, mysterious, rocket,…
51.7%
2581-2605disability, shell, general,…
51.4%
4756-4780voluntary, trouble, valid,…
51.4%
4431-4455pro, conservation, shove,…
51%
2306-2330essentially, gene, enforcement,…
50.7%
3856-3880mild, rider, doll,…
50.6%
2806-2830lover, raw, awareness,…
50.5%
3581-3605reach, inspector, lend,…
50.3%
3656-3680random, past, wrist,…
50.2%
2531-2555mail, recipe, reasonable,…
49.8%
4231-4255haul, concede, trace,…
48.8%
2281-2305urge, occasion, dust,…
48.5%
2881-2905mix, assault, relax,…
48.2%
3531-3555correlation, humanity, flash,…
47.2%
2781-2805revolution, strip, interpret,…
47.1%
2831-2855freeze, platform, finance,…
46.9%
4406-4430consequently, legislature, associate,…
46.7%
3481-3505pleased, medal, beg,…
46.2%
3831-3855traveler, click, compensation,…
46%
3231-3255dependent, shower, institutional,…
45.5%
3056-3080rapid, admission, hunter,…
45.1%
4931-4955bride, biography, hazard,…
45%
3406-3430hypothesis, boyfriend, compose,…
44.8%
3556-3580plead, initiate, lecture,…
43.8%
3781-3805contractor, apologize, doctrine,…
43.6%
2431-2455journey, reputation, mixture,…
43.4%
4106-4130monument, bid, quest,…
43%
3756-3780wilderness, nearby, endless,…
42.7%
3731-3755weird, undermine, freshman,…
42.7%
2606-2630highway, clinical, routine,…
42.5%
3256-3280province, ease, seize,…
42.5%
4006-4030productive, assembly, civic,…
42.4%
2106-2130review, wrap, lab,…
41.9%
4331-4355ambitious, Christianity, presumably,…
41.7%
4581-4605feather, sphere, tighten,…
41.6%
4806-4830headache, policeman, yield,…
41.5%
2931-2955representation, deer, split,…
41.4%
4781-4805remark, regulator, straw,…
41.2%
4031-4055content, realistic, Russian,…
38.8%
4956-4980devil, bolt, cargo,…
38.4%
3906-3930guidance, happiness, statue,…
38%
3106-3130asleep, tennis, nerve,…
37.5%
4481-4505speculation, uncover, behalf,…
37.1%
4631-4655blank, commodity, cure,…
36.5%
3681-3705tune, continuing, harm,…
36.2%
3981-4005reception, vanish, automatically,…
36%
4606-4630specialty, deem, artifact,…
35.6%
2981-3005instance, garlic, capability,…
35.4%
4506-4530hike, required, confrontation,…
35.1%
4556-4580ladder, jungle, migration,…
35.1%
4981-5000inherent, praise, nationwide,…
35%
3806-3830sidewalk, Olympics, technological,…
34.4%
4906-4930severely, sovereignty, ridge,…
30.5%
4881-4905surveillance, magnetic, technician,…
29.6%
3131-3155agricultural, explode, stroke,…
29.6%
4356-4380actively, cliff, minimal,…
29.6%
4206-4230hostile, root, conceive,…
29.1%
4681-4705thrive, peanut, chew,…
27.7%
Come Together.
Have Fun.
All Virtual.
We all need to come together. Play Sporcle's virtual live trivia to have fun, connect with people, and get your trivia on. Join a live hosted trivia game for your favorite pub trivia experience done virtually. If a virtual private party is more your thing, go here for details.

You're not logged in!

Compare scores with friends on all Sporcle quizzes.
OR
Log In

Sporcle TV

Today on Sporcle TV


Watch our educational content, quiz creation guides, and fun videos on Sporcle TV.

Show Comments

Extras

Top Quizzes Today


Score Distribution

Paid Content

Your Account Isn't Verified!

In order to create a playlist on Sporcle, you need to verify the email address you used during registration. Go to your Sporcle Settings to finish the process.

Report this User

Report this user for behavior that violates our Community Guidelines.

Details: